• Herrera, Francisco de,

di Personal Name

Records bibliografici associati: 1

001 - CONTROL NUMBER

  • control field: 72027

003 - CONTROL NUMBER IDENTIFIER

  • control field: IT-RoINE

005 - DATE AND TIME OF LATEST TRANSACTION

  • control field: 20230707105003.0

008 - FIXED-LENGTH DATA ELEMENTS

  • fixed length control field: 230707|| aca||aabn | a|a d

040 ## - CATALOGING SOURCE

  • Original cataloging agency: IT-RoINE
  • Transcribing agency: IT-RoINE

100 ## - HEADING--PERSONAL NAME

  • Personal name: Herrera, Francisco de,
  • Dates associated with a name: 1627-1685
  • Form subdivision: Exposiciones

670 ## - SOURCE DATA FOUND

  • Source citation: Work cat.: (IT-RoINE)37343: Herrera "el Mozo" y el Barroco total /, 2023.